000 00423nam a2200169Ia 4500
003 GCL
008 140319s9999 xx 000 0 eng d
040 _aGCL /
_cGCL
082 0 4 _a684.08
_bB B
100 1 _aBURROWS, DICK
245 1 0 _aBASIC WOODWORKING TECHNIQUES /
_cBURROWS, DICK
260 _a[S.N] :
_bTHE APPLE PRESS ،
_c1993
300 _a128 P
650 0 4 _aHANDCRAFT
650 0 4 _aWOOD WORK
942 _2ddc
_cBK
999 _c21328
_d21328